[Event "2. liga D 17/18, Hradec Kralove B-Stefanydes Policka"]
[Site ""]
[Date "2017.11.05"]
[Round "2.4"]
[White "Kastner, Oldrich"]
[Black "Ringel, Zbynek"]
[WhiteElo "2025"]
[BlackElo "2256"]
[Result "0-1"]
[PlyCount "120"]

1. Nf3 d5 2. c4 e6 3. d4 c5 4. Nc3 Nc6 5. Bf4 dxc4 6. e3 cxd4 7. exd4 Nf6 8.
Bxc4 Bb4 9. O-O O-O 10. a3 Bxc3 11. bxc3 b6 12. Bg5 Bb7 13. Re1 Rc8 14. Qd3 Qd6
15. Bxf6 gxf6 16. Ba6 Bxa6 17. Qxa6 Rc7 18. Rad1 Rfc8 19. Nd2 f5 20. Re3 Ne7
21. Rc1 Nd5 22. Rg3+ Kh8 23. Nb1 Nf4 24. Re1 Rg8 25. Rxg8+ Kxg8 26. g3 Nd5 27.
c4 Nf6 28. Rd1 Ne4 29. Qa4 h5 30. Qb3 h4 31. Qd3 Qc6 32. Rc1 Ng5 33. d5 Qc5 34.
dxe6 Nxe6 35. Nd2 Qd4 36. Qe2 hxg3 37. hxg3 Rd7 38. Nf1 Qe4 39. Qxe4 fxe4 40.
Rc3 Kg7 41. Ne3 Rd2 42. Rc2 Rxc2 43. Nxc2 Kf6 44. Nb4 Nd4 45. Kf1 Ke5 46. Ke1
a5 47. Nd5 Nc2+ 48. Kd2 Nxa3 49. Nxb6 Kd4 50. c5 Kxc5 51. Nc8 Nb5 52. Ne7 a4
53. Nf5 Nd4 54. Nh6 a3 55. Kc3 f5 56. g4 f4 57. g5 e3 58. fxe3 fxe3 59. g6 e2
60. Kd2 a2 1/2-1/2

[Event "2. liga D 17/18, Hradec Kralove B-Stefanydes Policka"]
[Site ""]
[Date "2017.11.05"]
[Round "2.5"]
[White "Novak, Radomir"]
[Black "Lorenc, Oldrich"]
[WhiteElo "2105"]
[BlackElo "2089"]
[Result "1/2-1/2"]
[PlyCount "91"]

1. d4 Nf6 2. c4 g6 3. Nc3 d5 4. Bf4 c6 5. e3 Bg7 6. Nf3 O-O 7. Bd3 Nbd7 8. h3
dxc4 9. Bxc4 Nb6 10. Bd3 Nbd5 11. Be5 Qa5 12. Qd2 Nxc3 13. bxc3 c5 14. O-O cxd4
15. exd4 b6 16. Rfc1 Bb7 17. Qe2 Rac8 18. c4 Bxf3 19. Qxf3 Nd7 20. Bxg7 Kxg7
21. Qe3 e5 22. d5 Qc5 23. Qe1 Rfe8 24. Bf1 f5 25. a4 a5 26. Rab1 e4 27. Qc3+
Kg8 28. Rb5 Qd6 29. Rcb1 Rc5 30. Qb2 Rxb5 31. Qxb5 Rc8 32. Qa6 Rb8 33. Qb5 Nc5
34. Be2 Kf7 35. Bf1 Qd7 36. Qxd7+ Nxd7 37. f4 Ke7 38. Kf2 Nc5 39. Ra1 Kd6 40.
Ke3 Rg8 41. Be2 g5 42. g4 fxg4 43. hxg4 gxf4+ 44. Kxf4 Rf8+ 45. Ke3 Rf6 46. Rh1
1/2-1/2

[Event "2. liga D 17/18, Hradec Kralove B-Stefanydes Policka"]
[Site ""]
[Date "2017.11.05"]
[Round "2.6"]
[White "Houska, Bronislav"]
[Black "Solc, Filip"]
[WhiteElo "2023"]
[BlackElo "1999"]
[Result "1/2-1/2"]
[PlyCount "120"]

1. c4 c5 2. g3 g6 3. Bg2 Bg7 4. Nc3 Nc6 5. Nf3 Nf6 6. d4 cxd4 7. Nxd4 O-O 8.
O-O d6 9. Nc2 Bd7 10. e4 Rc8 11. b3 Ng4 12. Bd2 a6 13. h3 Nf6 14. Rc1 Ne8 15.
Qe2 Nc7 16. Nd5 Nxd5 17. exd5 Nd4 18. Nxd4 Bxd4 19. Kh2 b5 20. Rfe1 Bf6 21. Bc3
bxc4 22. Bxf6 exf6 23. Rxc4 Rxc4 24. Qxc4 Bb5 25. Qc3 Kg7 26. a4 Bd7 27. Bf1
Qb6 28. Re3 Rc8 29. Bc4 Re8 30. Rf3 Re5 31. g4 a5 32. Kg2 Bc8 33. Rxf6 Kxf6 34.
f4 Qe3 35. fxe5+ Qxe5 36. Qxa5 Qe4+ 37. Kf2 Qd4+ 38. Ke2 Qb2+ 39. Kd3 Qb1+ 40.
Ke3 Qg1+ 41. Kd2 Qf2+ 42. Kc1 Qe3+ 43. Kb2 Qd4+ 44. Qc3 Ke5 45. a5 f5 46. gxf5
gxf5 47. a6 f4 48. Kc2 Bf5+ 49. Kb2 Bc8 50. Qxd4+ Kxd4 51. Kc2 Kc5 52. Kd3 Kb6
53. h4 Bxa6 54. Bxa6 Kxa6 55. Ke4 Kb5 56. Kxf4 Kc5 57. Ke4 h5 58. b4+ Kxb4 59.
Kf5 Kc4 60. Kg5 Kxd5 1/2-1/2

[Event "2. liga D 17/18, Hradec Kralove B-Stefanydes Policka"]
[Site ""]
[Date "2017.11.05"]
[Round "2.7"]
[White "Jezbera, Jiri"]
[Black "Komarkova, Magdalena"]
[WhiteElo "2100"]
[BlackElo "2000"]
[Result "1/2-1/2"]
[PlyCount "139"]

1. e4 c5 2. Nc3 Nc6 3. f4 g6 4. Nf3 Bg7 5. Bc4 a6 6. a4 e6 7. O-O Nge7 8. e5
Na5 9. Ba2 d5 10. exd6 Qxd6 11. Ne4 Qc7 12. d3 O-O 13. Qe1 b6 14. Qh4 Nf5 15.
Nf6+ Bxf6 16. Qxf6 Qd8 17. Qxd8 Rxd8 18. Ne5 Bb7 19. Rf2 Bd5 20. Bd2 Bxa2 21.
Bxa5 bxa5 22. Rxa2 Ne3 23. Nc6 Rd7 24. Nxa5 Rc8 25. Re2 Nd5 26. g3 Kg7 27. Nc4
Rb8 28. Ra1 Rb4 29. Kf2 Rb8 30. h3 Rb4 31. h4 h5 32. Kf3 Rb8 33. c3 Ne7 34. Rd1
Rdb7 35. Re5 Nd5 36. Rd2 Rb3 37. Ree2 R3b7 38. Kf2 Rb3 39. Kg2 R3b7 40. Nd6 Rb3
41. Ne4 Rc8 42. d4 cxd4 43. Rxd4 Nb6 44. Nd6 Rc5 45. Nb7 Rc4 46. Rdd2 Rxa4 47.
Nc5 Rb5 48. Nxa4 Nxa4 49. Kf2 Kf6 50. Re4 Nc5 51. Rc4 a5 52. Kf3 Ke7 53. b4
axb4 54. cxb4 Na6 55. Rdd4 Rb6 56. Ke4 Kf6 57. Kd3 Kf5 58. Kc3 Kg4 59. Rd3 Rb7
60. Kb3 Nb8 61. Rc5 Na6 62. Rg5+ Kh3 63. Rd4 Kg2 64. b5 Nc7 65. Kc4 Nd5 66. Kc5
Rc7+ 67. Kd6 Rb7 68. Kc6 Rc7+ 69. Kd6 Rb7 70. Kc6 1/2-1/2

[Event "2. liga D 17/18, Hradec Kralove B-Stefanydes Policka"]
[Site ""]
[Date "2017.11.05"]
[Round "2.8"]
[White "Stodola, Marek"]
[Black "Ptacek, Tomas"]
[WhiteElo "1971"]
[BlackElo "2036"]
[Result "0-1"]
[PlyCount "78"]

1. d4 Nf6 2. c4 c5 3. d5 b5 4. cxb5 a6 5. b6 Qxb6 6. Nc3 d6 7. e4 g6 8. Nf3 Bg4
9. Be2 Bxf3 10. Bxf3 Nbd7 11. O-O Bg7 12. Qc2 O-O 13. Bf4 Rab8 14. Na4 Qb7 15.
Rad1 Ne8 16. Rfe1 Ne5 17. b3 Nc7 18. Nb2 Nb5 19. Bxe5 Bxe5 20. Nc4 Nd4 21. Qc1
Bg7 22. e5 Qc7 23. exd6 exd6 24. Qd2 Rb4 25. Qf4 Be5 26. Rxe5 dxe5 27. Qf6 Re8
28. Qxa6 e4 29. Nd6 exf3 30. Nxe8 Qd8 31. a3 Rxb3 32. Nf6+ Kg7 33. Ng4 Qg5 34.
h3 h5 35. Qa4 hxg4 36. Rxd4 cxd4 37. Qxb3 Qc1+ 38. Kh2 Qf1 39. Kg3 fxg2 0-1

[Event "2. liga D 17/18, Lipa-Polabiny C"]
[Site ""]
[Date "2017.11.05"]
[Round "2.1"]
[White "Jirasek, Pavel"]
[Black "Hrabusa, Matej"]
[WhiteElo "2310"]
[BlackElo "2357"]
[Result "0-1"]
[PlyCount "40"]

1. e4 c6 2. d4 d5 3. e5 Bf5 4. Be3 e6 5. Nd2 Nd7 6. Ngf3 Ne7 7. Be2 h6 8. Nh4
Bh7 9. f4 Qb6 10. Nb3 Be4 11. a4 a5 12. O-O g5 13. fxg5 Nxe5 14. Nc5 hxg5 15.
Bxg5 Bg7 16. b4 N5g6 17. bxa5 Qb2 18. Nxg6 Qxd4+ 19. Kh1 Bxg6 20. Nb3 Qxd1 0-1

[Event "2. liga D 17/18, Lipa-Polabiny C"]
[Site ""]
[Date "2017.11.05"]
[Round "2.2"]
[White "Jedlicka, Ales"]
[Black "Jedlicka, Lubos"]
[WhiteElo "2198"]
[BlackElo "2170"]
[Result "1-0"]
[PlyCount "79"]

1. d4 Nf6 2. c4 c5 3. d5 b5 4. cxb5 a6 5. bxa6 g6 6. Nc3 Bxa6 7. Nf3 d6 8. e4
Bxf1 9. Kxf1 Bg7 10. g3 O-O 11. Kg2 Nbd7 12. a4 Qa5 13. Qc2 Rfb8 14. Bd2 Ne8
15. Nb5 Qb6 16. Bc3 Nc7 17. Nxc7 Qxc7 18. Nd2 Bxc3 19. bxc3 Qa5 20. Rhb1 Ne5
21. Rxb8+ Rxb8 22. Nf3 Nd7 23. Ra2 Kg7 24. h3 Qa6 25. a5 Ra8 26. c4 Rb8 27. Rb2
Rb7 28. Rxb7 Qxb7 29. Qa4 Nb8 30. Qb5 Qa8 31. e5 Na6 32. exd6 exd6 33. Qb6 Nb4
34. Qxd6 Qxa5 35. Qe5+ Kg8 36. Qe8+ Kg7 37. d6 Qb6 38. Qe5+ Kg8 39. d7 Nc6 40.
Qd6 1-0

[Event "2. liga D 17/18, Lipa-Polabiny C"]
[Site ""]
[Date "2017.11.05"]
[Round "2.3"]
[White "Varejcko, Josef"]
[Black "Bulockin, Martin"]
[WhiteElo "2271"]
[BlackElo "2176"]
[Result "1-0"]
[PlyCount "85"]

1. d4 c5 2. c3 Nf6 3. g3 g6 4. Bg2 Qc7 5. Bf4 d6 6. Nf3 Bg7 7. O-O O-O 8. Nbd2
Nbd7 9. dxc5 Nxc5 10. Nb3 Ne6 11. Be3 Bd7 12. Nfd4 Ng4 13. Nxe6 Bxe6 14. Bd4
Ne5 15. a4 Bc4 16. a5 Nc6 17. Bxg7 Kxg7 18. Nd4 e5 19. Nxc6 bxc6 20. Ra4 Bb5
21. Rh4 f5 22. Qd2 Kg8 23. c4 Ba6 24. b4 Bb7 25. Rb1 Rad8 26. b5 cxb5 27. Bd5+
Kh8 28. Bxb7 Qxb7 29. cxb5 d5 30. b6 f4 31. gxf4 axb6 32. Rxb6 Qe7 33. Rg4 Rxf4
34. Rxf4 Qg5+ 35. Kf1 exf4 36. Qd4+ Kg8 37. Rb7 Qh6 38. a6 f3 39. e3 g5 40. Ke1
Qf8 41. a7 Re8 42. Qxd5+ Kh8 43. Rb8 1-0

[Event "2. liga D 17/18, Lipa-Polabiny C"]
[Site ""]
[Date "2017.11.05"]
[Round "2.4"]
[White "Ludvik, Tomas"]
[Black "Fiedler, Bedrich"]
[WhiteElo "2037"]
[BlackElo "2096"]
[Result "1-0"]
[PlyCount "43"]

1. d4 g6 2. e4 c6 3. Nf3 d5 4. e5 Bg4 5. Be2 e6 6. O-O h5 7. Nbd2 Nh6 8. h3
Bxf3 9. Nxf3 Be7 10. b3 Nf5 11. c4 Kf8 12. Qd2 a5 13. g4 hxg4 14. hxg4 Nh4 15.
Ng5 dxc4 16. bxc4 Na6 17. Qf4 Bxg5 18. Qxg5 Qxd4 19. Be3 Qe4 20. f3 Qc2 21.
Rfe1 Qxe2 22. Qh6+ 1-0

[Event "2. liga D 17/18, Lipa-Polabiny C"]
[Site ""]
[Date "2017.11.05"]
[Round "2.5"]
[White "Sedivy, Martin"]
[Black "Reznicek, Dominik"]
[WhiteElo "2123"]
[BlackElo "2029"]
[Result "1-0"]
[PlyCount "57"]

1. e4 c6 2. d4 d5 3. Nc3 Nf6 4. e5 Nfd7 5. Bd3 e6 6. f4 c5 7. dxc5 Bxc5 8. Qg4
g6 9. Bd2 Nc6 10. Nf3 a6 11. O-O-O b5 12. Ng5 Qe7 13. h4 h6 14. h5 hxg5 15.
hxg6 Rg8 16. gxf7+ Qxf7 17. Rh7 gxf4 18. Qh3 Rg3 19. Qh6 Bf8 20. Qh4 Rg7 21.
Nxd5 exd5 22. e6 Qxe6 23. Rh6 Qe7 24. Qh5+ Qf7 25. Re1+ Nce5 26. Re6+ Kd8 27.
Ba5+ Nb6 28. Bxb6+ Kd7 29. Qxe5 1-0

[Event "2. liga D 17/18, Lipa-Polabiny C"]
[Site ""]
[Date "2017.11.05"]
[Round "2.6"]
[White "Liduch, Filip"]
[Black "Gloser, David"]
[WhiteElo "2049"]
[BlackElo "1964"]
[Result "0-1"]
[PlyCount "38"]

1. e4 c6 2. d4 d5 3. f3 dxe4 4. fxe4 e5 5. Nf3 Bg4 6. Bc4 Nd7 7. O-O Ngf6 8. c3
Bd6 9. Qb3 O-O 10. Qxb7 Bxf3 11. Rxf3 exd4 12. Bf4 Ne5 13. Bxe5 Bxe5 14. Na3
Rb8 15. Qxa7 Rxb2 16. Rb1 Rxb1+ 17. Nxb1 dxc3 18. Rd3 c2 19. Qxf7+ Kh8 0-1

[Event "2. liga D 17/18, Lipa-Polabiny C"]
[Site ""]
[Date "2017.11.05"]
[Round "2.7"]
[White "Smid, Jaroslav"]
[Black "Cerny, Jan"]
[WhiteElo "1958"]
[BlackElo "2034"]
[Result "1/2-1/2"]
[PlyCount "139"]

1. e4 c6 2. d4 d5 3. Nc3 dxe4 4. Nxe4 Nd7 5. Bc4 Ngf6 6. Ng5 e6 7. N1f3 h6 8.
Nh3 Bd6 9. Bf4 Nb6 10. Bb3 O-O 11. O-O c5 12. Bxd6 Qxd6 13. dxc5 Qxc5 14. Re1
Bd7 15. Qd4 Qxd4 16. Nxd4 Rfd8 17. c3 Rac8 18. f3 Nc4 19. Bxc4 Rxc4 20. Nf2 b5
21. a3 Be8 22. Nd3 a5 23. Ne5 Rcc8 24. Rad1 Nd5 25. Kf2 Nb6 26. Nb3 a4 27. Nd4
Rd5 28. Nc2 Rcd8 29. Ne3 Rxd1 30. Rxd1 Rxd1 31. Nxd1 f6 32. Nd3 Nc4 33. Ne3 Nd6
34. g3 Bg6 35. Nc5 Kf7 36. c4 bxc4 37. Nxa4 Ke7 38. Nc5 c3 39. bxc3 Nb5 40. a4
Nxc3 41. a5 Kd6 42. a6 Nb5 43. Na4 Kc6 44. Nc4 Nc7 45. a7 Kb7 46. Nc5+ Kxa7 47.
h4 e5 48. f4 exf4 49. gxf4 Bf7 50. Nd6 Bd5 51. Nf5 Ne8 52. Ke3 Kb6 53. Kd4 Ba2
54. Na4+ Kc6 55. Nc5 Nd6 56. Ne7+ Kc7 57. Nd5+ Bxd5 58. Kxd5 Nf5 59. h5 Kd8 60.
Ke6 Ng3 61. Kf7 Nxh5 62. f5 Kc7 63. Kg6 Kd6 64. Nd3 Ng3 65. Kxg7 Nxf5+ 66. Kxf6
Ng3 67. Nf4 h5 68. Kg5 Ke5 69. Nxh5 Nxh5 70. Kxh5 1/2-1/2

[Event "2. liga D 17/18, Lipa-Polabiny C"]
[Site ""]
[Date "2017.11.05"]
[Round "2.8"]
[White "Trojan, Lubos"]
[Black "Hajek, Jiri"]
[WhiteElo "1994"]
[BlackElo "2056"]
[Result "1-0"]
[PlyCount "159"]

1. Nf3 d5 2. d4 Nf6 3. c4 c6 4. Nc3 dxc4 5. a4 Bf5 6. Ne5 Nbd7 7. Nxc4 e6 8.
Ne3 Bg6 9. g3 Be7 10. Bg2 O-O 11. O-O a5 12. Nc4 Nd5 13. e4 Nb4 14. Be3 f5 15.
Qd2 Nf6 16. Ne5 Qe8 17. exf5 Bxf5 18. Qe2 Bd6 19. Rad1 Rd8 20. Bg5 h6 21. Bc1
Bxe5 22. Qxe5 Qf7 23. Qxa5 Bd3 24. Qxb4 Bxf1 25. Rxf1 Nd5 26. Qc4 Qf5 27. Qe2
Rde8 28. Be4 Qf6 29. Be3 g5 30. Bg2 Nxe3 31. fxe3 Qg7 32. Ne4 e5 33. Qc4+ Kh7
34. Nd6 Rxf1+ 35. Bxf1 Rf8 36. Bd3+ Kh8 37. Nf5 Qf6 38. dxe5 Qxe5 39. Qd4 Qxd4
40. exd4 Rd8 41. b4 h5 42. h3 Kg8 43. Be2 h4 44. gxh4 gxh4 45. Kf2 Kf7 46. Ke3
Kf6 47. Kf4 Re8 48. Bf3 Re1 49. b5 cxb5 50. axb5 Rb1 51. Bxb7 Rxb5 52. Be4 Ra5
53. Nxh4 Rh5 54. Kg3 Rg5+ 55. Kh2 Rg8 56. Nf3 Re8 57. Bc6 Rg8 58. Bd7 Ke7 59.
Bg4 Kd6 60. Kg3 Ke7 61. Kf4 Kf6 62. h4 Rh8 63. Ke4 Re8+ 64. Ne5 Rh8 65. h5 Rh7
66. Kd5 Ra7 67. Bf3 Ra5+ 68. Kd6 Ra6+ 69. Nc6 Ra3 70. Be4 Rh3 71. Bg6 Rb3 72.
d5 Rb5 73. Be8 Rb7 74. Kc5 Rh7 75. d6 Kg5 76. Kd5 Rb7 77. Ke6 Rb2 78. d7 Re2+
79. Kd6 Rd2+ 80. Kc7 1-0

[Event "2. liga D 17/18, Velke Losiny-Pivovar Dalesice"]
[Site ""]
[Date "2017.11.05"]
[Round "2.1"]
[White "Zilka, Stepan"]
[Black "Ruzicka, Josef"]
[WhiteElo "2517"]
[BlackElo "2101"]
[Result "1-0"]
[PlyCount "75"]

1. e4 c5 2. Nf3 d6 3. d4 cxd4 4. Nxd4 Nf6 5. Nc3 g6 6. Be3 Bg7 7. f3 O-O 8. Qd2
Nc6 9. g4 Nxd4 10. Bxd4 Be6 11. h4 Qa5 12. h5 Rfc8 13. a3 b5 14. h6 Bh8 15. g5
b4 16. Na2 Nh5 17. axb4 Qd8 18. Bxh8 Kxh8 19. Ba6 Qb6 20. Bxc8 Rxc8 21. Qf2
Qxf2+ 22. Kxf2 Rxc2+ 23. Ke3 f6 24. Nc3 Kg8 25. Rxa7 Kf7 26. gxf6 Nxf6 27. b5
Nd7 28. Rc7 Nb6 29. Kd3 Rf2 30. Rc6 Nd7 31. Ke3 Rc2 32. b6 d5 33. b7 Rxb2 34.
Rb1 Rxb1 35. Nxb1 dxe4 36. Nc3 exf3 37. Ne4 Bd5 38. Ng5+ 1-0

[Event "2. liga D 17/18, Velke Losiny-Pivovar Dalesice"]
[Site ""]
[Date "2017.11.05"]
[Round "2.2"]
[White "Vesely, Vitek"]
[Black "Holtman, Teodor"]
[WhiteElo "2087"]
[BlackElo "2296"]
[Result "1/2-1/2"]
[PlyCount "49"]

1. d4 f5 2. Nf3 Nf6 3. c4 d6 4. Nc3 g6 5. Bf4 Bg7 6. e3 O-O 7. h3 Qe8 8. Be2 c6
9. O-O h6 10. Bh2 g5 11. Rc1 Na6 12. a3 g4 13. hxg4 Nxg4 14. Bg3 Qg6 15. Qd2 e5
16. Nh4 Qg5 17. f4 exf4 18. Rxf4 Nf6 19. Bh2 Bd7 20. Nf3 Qg6 21. Nh4 Qg5 22.
Nf3 Qg6 23. Nh4 Qg5 24. Nf3 Qg6 25. Nh4 1/2-1/2

[Event "2. liga D 17/18, Velke Losiny-Pivovar Dalesice"]
[Site ""]
[Date "2017.11.05"]
[Round "2.3"]
[White "Stratil, Ladislav"]
[Black "Tesar, Jan"]
[WhiteElo "2356"]
[BlackElo "2090"]
[Result "1/2-1/2"]
[PlyCount "91"]

1. g3 d5 2. Bg2 e5 3. d3 Nf6 4. Nd2 Bc5 5. e3 O-O 6. Ne2 Be6 7. h3 Nc6 8. a3
Qd7 9. b3 Rad8 10. Bb2 Rfe8 11. Nf3 Bf5 12. g4 Bg6 13. Nh4 Qe7 14. Ng3 e4 15.
Nhf5 Qe6 16. d4 Bf8 17. Qe2 Ne7 18. Nxe7+ Bxe7 19. g5 Nd7 20. h4 Bf5 21. Nxf5
Qxf5 22. O-O-O Qe6 23. f3 exf3 24. Qxf3 c6 25. Bh3 Qe4 26. Qxe4 dxe4 27. Rdf1
Bd6 28. Rhg1 Re7 29. Rg4 a5 30. Bg2 Rde8 31. c4 Bc7 32. a4 Bd6 33. Kc2 Nb8 34.
Bc3 Bc7 35. h5 Na6 36. g6 fxg6 37. hxg6 h6 38. Be1 Nb4+ 39. Kd2 Re6 40. Rf5 b6
41. Bh4 Bd6 42. Bh3 Nd3 43. Rg1 Bb4+ 44. Ke2 Rd6 45. Rff1 b5 46. axb5 1/2-1/2

[Event "2. liga D 17/18, Velke Losiny-Pivovar Dalesice"]
[Site ""]
[Date "2017.11.05"]
[Round "2.4"]
[White "Svizensky, Lubos"]
[Black "Vaculik, Jakub"]
[WhiteElo "1955"]
[BlackElo "2225"]
[Result "0-1"]
[PlyCount "62"]

1. Nf3 Nf6 2. c4 c6 3. d4 d5 4. cxd5 cxd5 5. Nc3 Nc6 6. Bf4 e6 7. h3 Bd7 8. e3
a6 9. Bd3 Be7 10. O-O b5 11. a3 b4 12. axb4 Nxb4 13. Be2 O-O 14. Ne5 Be8 15.
Nd3 Qb6 16. Nxb4 Bxb4 17. Qb3 a5 18. Na2 Ne4 19. Rfd1 g5 20. Bh2 Bd7 21. Nxb4
axb4 22. Bd3 Nd6 23. Rdc1 Kg7 24. Qc2 Rxa1 25. Rxa1 Rc8 26. Qe2 Ne4 27. Qh5 f6
28. f3 Be8 29. Qg4 h5 30. Ra6 Rc1+ 31. Bf1 Qxa6 0-1

[Event "2. liga D 17/18, Velke Losiny-Pivovar Dalesice"]
[Site ""]
[Date "2017.11.05"]
[Round "2.5"]
[White "Gnida, Patrik"]
[Black "Mezlik, Stanislav"]
[WhiteElo "2162"]
[BlackElo "1912"]
[Result "1-0"]
[PlyCount "51"]

1. e4 b6 2. d4 Bb7 3. Nc3 e6 4. a3 Nf6 5. Bg5 Be7 6. Bxf6 Bxf6 7. e5 Be7 8. Qg4
O-O 9. Nf3 d5 10. Bd3 Ba6 11. O-O-O Bxd3 12. Rxd3 Nd7 13. h4 Re8 14. Ng5 Nf8
15. Ne2 h6 16. Nxf7 Kxf7 17. Rg3 g6 18. Nf4 c5 19. Nxg6 Bg5+ 20. Nf4 Ng6 21.
hxg5 Qxg5 22. Qxg5 hxg5 23. Nxg6 Kxg6 24. Rgh3 Rf8 25. g4 cxd4 26. Rh7 1-0

[Event "2. liga D 17/18, Velke Losiny-Pivovar Dalesice"]
[Site ""]
[Date "2017.11.05"]
[Round "2.6"]
[White "Kosut, Tomas"]
[Black "Valenta, Vit"]
[WhiteElo "1790"]
[BlackElo "2107"]
[Result "1/2-1/2"]
[PlyCount "110"]

1. e4 e5 2. Nf3 Nc6 3. Bc4 Be7 4. d4 d6 5. dxe5 dxe5 6. Qxd8+ Bxd8 7. Be3 Nf6
8. Nc3 Nd7 9. O-O-O Na5 10. Bb5 c6 11. Be2 Be7 12. Rd3 b5 13. Rhd1 f6 14. Nh4
g6 15. g3 Nc4 16. Ng2 Nxe3 17. Rxe3 Nc5 18. f4 Ne6 19. f5 Nd4 20. Bf3 Bf8 21.
Kb1 b4 22. Ne2 Nxf3 23. Rxf3 gxf5 24. exf5 c5 25. Ne3 Ba6 26. Nc1 Bb7 27. Rf2
Bh6 28. Nc4 Ke7 29. Nb3 Rhd8 30. Rff1 Ba6 31. Nba5 Bb5 32. b3 Rd4 33. Rxd4 cxd4
34. Re1 Kd7 35. Re4 Bg5 36. h4 Bh6 37. g4 Bf4 38. g5 Rg8 39. a4 bxa3 40. gxf6
Bxc4 41. Nxc4 Rf8 42. Nxe5+ Bxe5 43. Rxe5 Rxf6 44. Ka2 Rc6 45. Kxa3 Rxc2 46.
Rd5+ Ke7 47. Rxd4 Rc6 48. b4 Kf6 49. Rd7 Ra6+ 50. Kb3 h6 51. Rd5 h5 52. Kc4 Ra1
53. Kb5 Rh1 54. Ka6 Rxh4 55. Rb5 Re4 1/2-1/2

[Event "2. liga D 17/18, Velke Losiny-Pivovar Dalesice"]
[Site ""]
[Date "2017.11.05"]
[Round "2.7"]
[White "Sohr, Vladimir"]
[Black "Zeleny, Tomas"]
[WhiteElo "2130"]
[BlackElo "1741"]
[Result "1-0"]
[PlyCount "109"]

1. e4 c5 2. Nf3 e6 3. d4 cxd4 4. Nxd4 a6 5. Be3 Nf6 6. Bd3 Qc7 7. O-O b5 8. Re1
Bb7 9. Bg5 Be7 10. e5 Nd5 11. Bxe7 Nxe7 12. Qh5 Nbc6 13. Nxc6 Bxc6 14. Nc3 Rc8
15. Rad1 h6 16. Re3 Nd5 17. Nxd5 Bxd5 18. Rg3 Kf8 19. Re1 d6 20. Qg4 g6 21. Qf4
dxe5 22. Qf6 Rg8 23. Rxe5 Qd8 24. Qf4 Kg7 25. h4 Bc4 26. Rf3 Rf8 27. Rh5 g5 28.
hxg5 Bxd3 29. Qe5+ f6 30. gxf6+ Rxf6 31. Rxd3 Qc7 32. c3 Qxe5 33. Rxe5 b4 34.
Ra5 bxc3 35. Rxc3 Rd8 36. Rc2 Rd1+ 37. Kh2 Rd6 38. f3 Rf7 39. b3 Kf6 40. g4 Kg6
41. Kg3 Rb7 42. Rh5 Rh7 43. Rch2 Kf7 44. Rxh6 Rxh6 45. Rxh6 Rd2 46. Rh2 Rd3 47.
Kf4 Rd5 48. Rh5 Rd3 49. Ke4 Rd1 50. Rc5 Rd2 51. Ra5 Rd6 52. Ke5 Rb6 53. f4 Kg7
54. Rc5 Kf7 55. Rc7+ 1-0

[Event "2. liga D 17/18, Velke Losiny-Pivovar Dalesice"]
[Site ""]
[Date "2017.11.05"]
[Round "2.8"]
[White "Stork, Rostislav"]
[Black "Chytil, Petr"]
[WhiteElo "1777"]
[BlackElo "1926"]
[Result "1/2-1/2"]
[PlyCount "59"]

1. e4 e6 2. d3 d5 3. Nd2 Nf6 4. Ngf3 c5 5. g3 Nc6 6. Bg2 Be7 7. O-O O-O 8. Re1
b6 9. e5 Nd7 10. Qe2 Bb7 11. Nf1 Rc8 12. g4 Qc7 13. c3 b5 14. Ng3 b4 15. c4 Nb6
16. b3 Rfd8 17. Bb2 a5 18. g5 a4 19. h4 dxc4 20. dxc4 a3 21. Bc1 Nd4 22. Nxd4
Rxd4 23. f4 Bxg2 24. Kxg2 Rcd8 25. Be3 Rd3 26. Rad1 Qc6+ 27. Kf2 R3d7 28. Rh1
Rxd1 29. Rxd1 Rxd1 30. Qxd1 1/2-1/2

[Event "2. liga D 17/18, Zdar nad Sazavou-Eurobit"]
[Site ""]
[Date "2017.11.05"]
[Round "2.1"]
[White "Vecera, Pavel"]
[Black "Malivanek, Jiri"]
[WhiteElo "2138"]
[BlackElo "2090"]
[Result "1-0"]
[PlyCount "81"]

1. e4 e6 2. d4 d5 3. Nd2 Nf6 4. e5 Nfd7 5. f4 c5 6.
Ngf3 Nc6 7. Nb3 c4 8. Nbd2 b5 9. Be2 Qb6 10. Nf1 Be7 11. Ne3 g6 12. O-O f5 13.
c3 Nf8 14. b3 a6 15. Kh1 Bb7 16. bxc4 bxc4 17. Qc2 Na5 18. Rb1 Qc7 19. Bd2 Bc6
20. Be1 h6 21. g4 Rb8 22. Rxb8+ Qxb8 23. gxf5 gxf5 24. Bh4 Ng6 25. Nxf5 exf5
26. Qxf5 Nxh4 27. Nxh4 Bxh4 28. Qh5+ Kd7 29. Qxh4 Qd8 30. Qg4+ Kc7 31. Qg7+ Kb8
32. f5 Nb7 33. f6 Bd7 34. f7 Rf8 35. Rf6 Qe7 36. e6 Ba4 37. Rxh6 Nd8 38. Qe5+
Ka7 39. Bf3 Nxf7 40. exf7 Qxf7 41. Rf6 1-0

[Event "2. liga D 17/18, Zdar nad Sazavou-Eurobit"]
[Site ""]
[Date "2017.11.05"]
[Round "2.2"]
[White "Vavra, Radim"]
[Black "Hamornik, Jozef"]
[WhiteElo "2058"]
[BlackElo "2108"]
[Result "1/2-1/2"]
[PlyCount "67"]

1. e4 e5 2. Nf3 Nf6 3. Nxe5 d6 4. Nf3 Nxe4 5. Bd3 Nf6
6. O-O Be7 7. Re1 O-O 8. h3 h6 9. c3 Nc6 10. Bc2 Be6 11. d4 Qd7 12. Qd3 Rfe8
13. Nbd2 g6 14. Nh4 Bf8 15. Ndf3 Bd5 16. Be3 Be4 17. Qd2 Kh7 18. a3 Re7 19. c4
d5 20. c5 Bxc2 21. Qxc2 Rae8 22. b4 a6 23. Qd3 Ne4 24. Nd2 Bg7 25. Nb3 Bf6 26.
Nf3 Ng5 27. Bxg5 Rxe1+ 28. Rxe1 Rxe1+ 29. Nxe1 Bxg5 30. Nf3 Bf6 31. b5 axb5 32.
Qxb5 Ne5 33. Qxd7 Nxd7 34. Kf1 1/2-1/2

[Event "2. liga D 17/18, Zdar nad Sazavou-Eurobit"]
[Site ""]
[Date "2017.11.05"]
[Round "2.3"]
[White "Bukacek, Lubomir"]
[Black "Holasek, Pavel"]
[WhiteElo "2087"]
[BlackElo "2117"]
[Result "1-0"]
[PlyCount "103"]

1. c4 g6 2. Nc3 Bg7 3. d3 Nf6 4. Nf3 O-O 5. h4 d5 6.
cxd5 Nxd5 7. Bd2 Bg4 8. Qa4 h5 9. Ng5 Na6 10. Rc1 Bd7 11. Qa3 Bc6 12. Nce4 Qd7
13. g3 f5 14. Bh3 Nf6 15. Rg1 Nxe4 16. dxe4 Rad8 17. Bc3 Ba4 18. Kf1 c5 19.
Bxg7 Kxg7 20. Qc3+ Rf6 21. e5 Rb6 22. b3 Bc6 23. e4 e6 24. exf5 gxf5 25. Qe3
Kg8 26. Nxe6 Bb5+ 27. Kg2 Rxe6 28. Qg5+ Kf8 29. Qxf5+ Ke7 30. Qg5+ Ke8 31.
Qxh5+ Qf7 32. Qxf7+ Kxf7 33. Bxe6+ Kxe6 34. Rgd1 Bc6+ 35. Kh3 Rxd1 36. Rxd1
Kxe5 37. Kg4 Nb4 38. Rd2 Nd5 39. h5 Kf6 40. Kh4 Nc3 41. f3 Nd5 42. g4 Nf4 43.
Kg3 Kg5 44. Rh2 b6 45. h6 Ng6 46. f4+ Kf6 47. f5 Nh8 48. Kf4 Bd5 49. g5+ Kf7
50. Ke5 Bc6 51. g6+ Kg8 52. Kf6 1-0

[Event "2. liga D 17/18, Zdar nad Sazavou-Eurobit"]
[Site ""]
[Date "2017.11.05"]
[Round "2.5"]
[White "Siebenburger, Vlastimil"]
[Black "Sykora, Josef"]
[WhiteElo "2077"]
[BlackElo "2068"]
[Result "1/2-1/2"]
[PlyCount "27"]

1. e4 c6 2. d4 d5 3. exd5 cxd5 4. c4 e6 5. Nc3 Nf6 6.
Nf3 Nc6 7. Bg5 Be7 8. Bd3 dxc4 9. Bxc4 O-O 10. O-O b6 11. Re1 Bb7 12. a3 Rc8
13. Ba2 Nd5 14. Bxe7 1/2-1/2

[Event "2. liga D 17/18, Zdar nad Sazavou-Eurobit"]
[Site ""]
[Date "2017.11.05"]
[Round "2.6"]
[White "Hennig, Thomas"]
[Black "Vasut, Karel"]
[WhiteElo "2029"]
[BlackElo "2105"]
[Result "1-0"]
[PlyCount "131"]

1. d4 e5 2. dxe5 Nc6 3. Nf3 Qe7 4. Bf4 f6 5. exf6
Qxf6 6. Qc1 Bc5 7. Nc3 d6 8. Ne4 Qf5 9. Nxc5 Qxc5 10. Qe3+ Qxe3 11. Bxe3 Nb4
12. Kd1 Ne7 13. Bd2 Nbd5 14. e3 Bg4 15. Be2 O-O 16. Nd4 Bxe2+ 17. Kxe2 Rae8 18.
Rhe1 Ng6 19. Nf3 Ndf4+ 20. Kf1 Nh3 21. Re2 Rxf3 22. gxf3 Ng5 23. Ree1 Nxf3 24.
Red1 Nxh2+ 25. Kg2 Ng4 26. Rh1 Rf8 27. f3 N4e5 28. Raf1 Nc4 29. Bc1 Rf5 30. b3
Nb6 31. Bb2 Nd5 32. Re1 a6 33. a3 Nde7 34. Kf2 Nf8 35. Rhg1 Ne6 36. Rg3 Rc5 37.
Re2 Rf5 38. Ke1 h5 39. Reg2 h4 40. Rh3 Ng5 41. Rh1 Nxf3+ 42. Ke2 g6 43. Rh3 Ne5
44. Rxh4 Kg7 45. Rgh2 Rg5 46. Rh7+ Kf6 47. Rf2+ Ke6 48. Bxe5 dxe5 49. Rff7 Nf5
50. Rxc7 Rg2+ 51. Kd3 Rg3 52. Rxb7 Rxe3+ 53. Kd2 Rg3 54. Rb6+ Kd5 55. Rd7+ Ke4
56. Rd3 Rg2+ 57. Kc3 Nd4 58. Rd2 Nb5+ 59. Rxb5 Rxd2 60. Rxe5+ Kxe5 61. Kxd2 g5
62. Ke3 g4 63. c4 a5 64. b4 a4 65. c5 Kd5 66. Kf4 1-0